Analýza webov miestnej samosprávy BB a ZA kraja bakalárska práca

Guardado en:
Detalles Bibliográficos
Autor principal: Holek, Martin
Autor Corporativo: Fakulta hospodárskej informatiky EU. Katedra aplikovanej informatiky
Otros Autores: Schmidt, Peter, 1968-
Formato: Libro
Lenguaje:eslovaco
Publicado: Bratislava 2013
Etiquetas: Agregar Etiqueta
Sin Etiquetas, Sea el primero en etiquetar este registro!

MARC

LEADER 00000nbm a2200000 4500
001 0173100
005 20161109112138.5
041 0 |a slo 
044 |a SK 
245 1 0 |a Analýza webov miestnej samosprávy BB a ZA kraja  |b bakalárska práca  |c Martin Holek ; školiteľ: Peter Schmidt 
264 1 |a Bratislava  |c 2013 
300 |a 50 s. 
100 1 |a Holek, Martin 
700 1 |a Schmidt, Peter, 1968- 
710 2 |a Fakulta hospodárskej informatiky EU. Katedra aplikovanej informatiky